Six pillars of calculus (Record no. 749986)

MARC details
000 -LEADER
fixed length control field 00403nam a22001577a 4500
020 ## - INTERNATIONAL STANDARD BOOK NUMBER
ISBN 9789349750456
100 ## - MAIN ENTRY--AUTHOR NAME
Personal name Sadun, Lorenzo
245 ## - TITLE STATEMENT
Title Six pillars of calculus
250 ## - EDITION STATEMENT
Edition statement 60
260 ## - PUBLICATION, DISTRIBUTION, ETC. (IMPRINT)
Place of publication Telangana
Name of publisher Univerisities press
Year of publication 2023
300 ## - PHYSICAL DESCRIPTION
Number of Pages xix+364
490 ## - SERIES STATEMENT
Series statement Pure and applied undergraduate texts
650 ## - SUBJECT ADDED ENTRY--TOPICAL TERM
Topical Term Differential calculus
650 ## - SUBJECT ADDED ENTRY--TOPICAL TERM
Topical Term Integral calculus
942 ## - ADDED ENTRY ELEMENTS (KOHA)
Source of classification or shelving scheme Dewey Decimal Classification
Koha item type Book
Holdings
Withdrawn status Lost status Source of classification or shelving scheme Damaged status Not for loan Collection code Home Library Current Location Shelving location Date acquired Source of acquisition Full call number Accession Number Price effective from Koha item type
    Dewey Decimal Classification     Gift or donation Dept. of Mathematics Dept. of Mathematics Processing Center 24/06/2025 032/NBHM 0038 (Gift from NBHM) 515.72 SAD-S MATG207 24/06/2025 Book